The Silmarillion - Fathers - Statistics

General Stats
  • This quiz has been taken 250 times
  • The average score is 14 of 16
Answer Stats
Hint Answer % Correct
Maedhros, son of ___ Fëanor
99%
Fëanor, son of ___ Finwë
99%
Fingon, son of ___ Fingolfin
97%
Túrin, son of ___ Húrin
96%
Luthien, daughter of ___ Thingol
96%
Tuor, son of ___ Huor
93%
Finrod, son of ___ Finarfin
92%
Dior, son of ___ Beren
90%
Idril, daughter of ___ Turgon
90%
Eärendil, son of ___ Tuor
87%
Elwing, daughter of ___ Dior
85%
Celebrimbor, son of ___ Curufin
83%
Beren, son of ___ Barahir
82%
Finduilas, daughter of ___ Orodreth
75%
Elendil, son of ___ Amandil
49%
Tar Míriel, daughter of ___ Tar Palantir
46%
No matching quizzes found
Score Distribution
Percent of People with Each Score
Percentile by Number Answered
Your Score History
You have not taken this quiz